Sổ tay thư tín thương mại quốc tế
Tập sách trình bày các quan hệ thương mại; hỏi thông tin và đặt hàng; chào hàng; phương thức thanh toán; vận chuyển hàng; khiếu nại; thư cá nhân
সংরক্ষণ করুন:
| প্রধান লেখক: | |
|---|---|
| বিন্যাস: | গ্রন্থ |
| ভাষা: | Undetermined |
| প্রকাশিত: |
Thành phố Hồ Chí Minh
Nhà xuất bản Thành phố Hồ Chí Minh
1999
|
| ট্যাগগুলো: |
ট্যাগ যুক্ত করুন
কোনো ট্যাগ নেই, প্রথমজন হিসাবে ট্যাগ করুন!
|
| Thư viện lưu trữ: | Trung tâm Học liệu Trường Đại học Cần Thơ |
|---|
| LEADER | 00805nam a2200193Ia 4500 | ||
|---|---|---|---|
| 001 | CTU_64705 | ||
| 008 | 210402s9999 xx 000 0 und d | ||
| 020 | |b 52000 | ||
| 082 | |a 808.6 | ||
| 082 | |b H758 | ||
| 100 | |a Holt, Ron | ||
| 245 | 0 | |a Sổ tay thư tín thương mại quốc tế | |
| 245 | 0 | |c Ron Holt ; Nguyễn Quốc Hùng (dịch) | |
| 260 | |a Thành phố Hồ Chí Minh | ||
| 260 | |b Nhà xuất bản Thành phố Hồ Chí Minh | ||
| 260 | |c 1999 | ||
| 520 | |a Tập sách trình bày các quan hệ thương mại; hỏi thông tin và đặt hàng; chào hàng; phương thức thanh toán; vận chuyển hàng; khiếu nại; thư cá nhân | ||
| 904 | |i Minh | ||
| 980 | |a Trung tâm Học liệu Trường Đại học Cần Thơ | ||